[Event "Uljanovsk op"]
[Site "Uljanovsk"]
[Date "2008.02.05"]
[Round "7"]
[White "Olisov, Andrey"]
[Black "Goncharov, Evgeni"]
[Result "1-0"]
[WhiteElo "1958"]
[BlackElo "2175"]
[PlyCount "113"]
[EventDate "2008.02.01"]
[EventType "swiss"]
[EventRounds "9"]
[EventCountry "RUS"]
[SourceTitle "EXT 2009"]
[Source "ChessBase"]
[SourceDate "2008.11.26"]
[SourceVersion "1"]
[SourceVersionDate "2008.11.26"]
[SourceQuality "1"]

1. Nf3 Nc6 2. c4 e5 3. Nc3 Nf6 4. d3 Bb4 5. g3 0-0 6. Bg2 d6 7. 0-0 Re8 8. Nd2 Rb8 9. a3 Bxc3 10. bxc3 h6 11. Rb1 Bd7 12. Ne4 Nxe4 13. Bxe4 f5 14. Bd5+ Kh8 15. Be3 b6 16. Qd2 Qf6 17. Qc2 Ne7 18. Bg2 f4 19. Bd2 Nf5 20. Kh1 Qg6 21. gxf4 Qh5 22. e4 Nh4 23. Qd1 Qxd1 24. Rbxd1 exf4 25. Bxf4 Rf8 26. Bg3 Nxg2 27. Kxg2 Rf6 28. f4 Rbf8 29. Rd2 h5 30. Rdf2 Rg6 31. f5 Rgf6 32. Bh4 R6f7 33. Bg5 b5 34. cxb5 Bxb5 35. c4 Bc6 36. Rb2 Rxf5 37. Rxf5 Rxf5 38. Bd8 Rf7 39. Rb8 Kh7 40. Rc8 Ba4 41. Rxc7 Rxc7 42. Bxc7 Bc2 43. d4 Bxe4+ 44. Kf2 Bd3 45. c5 dxc5 46. dxc5 Be4 47. Ke3 Bc6 48. Kf4 Kg6 49. Ke5 Kf7 50. Kd6 Bb5 51. Bd8 Ke8 52. Bg5 Ba6 53. Kc7 Be2 54. h4 Bb5 55. c6 Ba4 56. Kb7 Bb5 57. c7 1-0

[Event "Uljanovsk op"]
[Site "Uljanovsk"]
[Date "2008.02.04"]
[Round "6"]
[White "Goncharov, Evgeni"]
[Black "Smirnova, Anastasia"]
[Result "1/2-1/2"]
[WhiteElo "2175"]
[BlackElo "1964"]
[PlyCount "100"]
[EventDate "2008.02.01"]
[EventType "swiss"]
[EventRounds "9"]
[EventCountry "RUS"]
[SourceTitle "EXT 2009"]
[Source "ChessBase"]
[SourceDate "2008.11.26"]
[SourceVersion "1"]
[SourceVersionDate "2008.11.26"]
[SourceQuality "1"]

1. d4 d5 2. c4 c6 3. Nc3 e5 4. cxd5 cxd5 5. e3 e4 6. Bb5+ Nc6 7. Nge2 Nf6 8. Qb3 Be7 9. Nf4 Be6 10. 0-0 0-0 11. Bxc6 bxc6 12. Nxe6 fxe6 13. Qd1 Qe8 14. Ne2 Bd6 15. h3 Kh8 16. Bd2 g5 17. Ng3 h5 18. Rc1 h4 19. Ne2 Rg8 20. f4 exf3 21. Rxf3 Ne4 22. Nc3 Nxd2 23. Qxd2 Qh5 24. Rcf1 g4 25. hxg4 Rxg4 26. Qe2 h3 27. g3 Rag8 28. Kh1 Qh6 29. Rf6 R4g6 30. Qf3 Rxf6 31. Qxf6+ Qxf6 32. Rxf6 Rxg3 33. Rxe6 Bb8 34. Re8+ Rg8 35. Rxg8+ Kxg8 36. e4 dxe4 37. Nxe4 Kf8 38. Ng5 h2 39. Nf3 Ke7 40. Nxh2 Bxh2 41. Kxh2 Kd6 42. Kg3 Kd5 43. Kf3 Kxd4 44. Ke2 Kc4 45. Kd2 a5 46. Kc2 a4 47. Kd2 c5 48. Kc2 Kb4 49. Kd3 c4+ 50. Kc2 a3 1/2-1/2

[Event "Uljanovsk op"]
[Site "Uljanovsk"]
[Date "2008.02.01"]
[Round "1"]
[White "Galiev, Azat"]
[Black "Goncharov, Evgeni"]
[Result "1-0"]
[WhiteElo "2201"]
[BlackElo "2175"]
[PlyCount "123"]
[EventDate "2008.02.01"]
[EventType "swiss"]
[EventRounds "9"]
[EventCountry "RUS"]
[SourceTitle "EXT 2009"]
[Source "ChessBase"]
[SourceDate "2008.11.26"]
[SourceVersion "1"]
[SourceVersionDate "2008.11.26"]
[SourceQuality "1"]

1. e4 c6 2. d4 d5 3. exd5 cxd5 4. Bd3 Nc6 5. c3 Nf6 6. h3 g6 7. Nf3 Bg7 8. 0-0 0-0 9. Re1 a6 10. Bf4 b5 11. Qd2 Na5 12. Na3 Nc4 13. Nxc4 bxc4 14. Bc2 a5 15. Ne5 Ra6 16. b3 Nh5 17. bxc4 Nxf4 18. Qxf4 dxc4 19. Ba4 Bxe5 20. Rxe5 Rf6 21. Qh6 Rf5 22. Rae1 Rxe5 23. Rxe5 Bf5 24. Rc5 Bd3 25. Bb5 Qd6 26. Qe3 Rb8 27. Qe5 Qxe5 28. dxe5 e6 29. f4 Be4 30. g4 Rd8 31. Bxc4 Rd1+ 32. Kf2 Rh1 33. Rc8+ Kg7 34. Rc7 Rxh3 35. Bxe6 Rf3+ 36. Ke2 Rxf4 37. Ke3 g5 38. Rxf7+ Rxf7 39. Bxf7 Bc6 40. Be6 Kf8 41. Kd4 Ke7 42. Bf5 Bf3 43. c4 h5 44. gxh5 Bxh5 45. c5 g4 46. c6 Kd8 47. Kc5 Kc7 48. a4 g3 49. Be4 Bg4 50. Bg2 Bh5 51. Kb5 Be2+ 52. Kxa5 Bc4 53. Kb4 Be6 54. Kc5 Bf5 55. a5 Bc8 56. Kb5 Bf5 57. a6 Bd3+ 58. Ka5 Bc4 59. a7 Be6 60. a8Q Bc8 61. Qa7+ Kd8 62. Qb8 1-0